| 000 | 03493cam a2200685Li 4500 | ||
|---|---|---|---|
| 001 | ocn495199221 | ||
| 003 | TZ-ArACH | ||
| 005 | 20120917110255.0 | ||
| 008 | 091006s2009 xxk f b 001 0 eng d | ||
| 015 | _aGBA915135 | ||
| 016 | 7 |
_aFRBNF422755760000007 _2FrPBN |
|
| 020 | _a9780521861472 (rel) | ||
| 020 | _a0521861470 (rel) | ||
| 035 | _a(OCoLC)495199221 | ||
| 040 |
_aZWZ _encafnor _bfre _cTZ-ArACH _dOCLCQ _dCHRRO _dUQ1 _dBDF |
||
| 041 | _aEng | ||
| 049 | _aTZAA | ||
| 050 |
_aKBP144 _b.H356 |
||
| 082 | 0 | 4 |
_a340.5/909 _222 |
| 100 | 1 |
_aHallaq, Wael B. _d(1955- ...)., _eAuteur. _96482 |
|
| 245 | 1 | 0 |
_aSharīʻa: theory, practice, transformations _h[Texte imprimé] : _btheory, practice, transformations / _cWael B. Hallaq. |
| 260 |
_aCambridge ; _aNew York : _bCambridge University Press, _c2009. |
||
| 300 |
_a1 v. (IX-614 p.) ; _c24 cm. |
||
| 500 | _aTable des matières. | ||
| 504 | _aBibliographie p. 563-597. Index. | ||
| 505 | 0 | _aThe formative period -- Legal theory : epistemology, language and legal reasoning -- Legal education and the politics of law -- Law and society -- The circle of justice and later dynasties -- The legal pillars of religion -- Contracts and othe obligations -- Family law and succession -- Property and ownership -- Offenses -- Jihād -- Courts of justice, suits and evidence -- The conceptual framework : an introduction -- The jural colonization of India and South-East-Asia -- Hegemonic modernity : the Middle East and North Africa during the nineteenth and early twentieth centuries -- Modernizing the law in the age of nation-states -- In search of a legal methodology -- Repercussions: concluding notes. | |
| 650 | 7 |
_aDroit islamique _xHistoire. _96483 |
|
| 650 | 7 |
_aDroit islamique _xPhilosophie. _96484 |
|
| 650 | 7 |
_aDroit islamique _xInterprétation. _96485 |
|
| 650 | 0 |
_aIslamic law _xHistory. _96486 |
|
| 650 | 0 |
_aIslamic law. _96487 |
|
| 650 | 0 |
_aIslamic law _xInterpretation and construction. _96488 |
|
| 650 | 0 |
_aIslamic law _xPhilosophy. _96489 |
|
| 650 | 7 |
_aDroit musulman _xépistémologie _xtradition _y7e s. / 21e s. (début) _96490 |
|
| 650 | 7 |
_aAspect philosophique. _96491 |
|
| 650 | 1 | 7 |
_aDroit islamique. _96492 |
| 650 | 7 |
_aHistoire. _96493 |
|
| 650 | 7 |
_aInterprétation de la loi. _2rasuqam _96494 |
|
| 740 | 0 | 2 | _aFormative period. |
| 740 | 0 | 2 | _aLegal theory : epistemology, language and legal reasoning. |
| 740 | 0 | 2 | _aLegal education and the politics of law. |
| 740 | 0 | 2 | _aLaw and society. |
| 740 | 0 | 2 | _aCircle of justice and later dynasties. |
| 740 | 0 | 2 | _aLegal pillars of religion. |
| 740 | 0 | 2 | _aContracts and othe obligations. |
| 740 | 0 | 2 | _aFamily law and succession. |
| 740 | 0 | 2 | _aProperty and ownership. |
| 740 | 0 | 2 | _aOffenses. |
| 740 | 0 | 2 | _aJihād. |
| 740 | 0 | 2 | _aCourts of justice, suits and evidence. |
| 740 | 0 | 2 | _aConceptual framework : an introduction. |
| 740 | 0 | 2 | _aJural colonization of India and South-East-Asia. |
| 740 | 0 | 2 | _aHegemonic modernity : the Middle East and North Africa during the nineteenth and early twentieth centuries. |
| 740 | 0 | 2 | _aModernizing the law in the age of nation-states. |
| 740 | 0 | 2 | _aIn search of a legal methodology. |
| 740 | 0 | 2 | _aRepercussions: concluding notes. |
| 856 | 4 | 2 |
_3Notice et cote du catalogue de la Bibliothèque nationale de France _uhttp://catalogue.bnf.fr/ark:/12148/cb42275576c |
| 942 |
_2lcc _cBOOK |
||
| 999 |
_c1842 _d1842 |
||